| 000 | 00961nam a2200265 i 4500 | ||
|---|---|---|---|
| 003 | DO-SdBNP | ||
| 005 | 20260417103605.0 | ||
| 007 | ta | ||
| 008 | 250304s1998 dr 000 0 spa d | ||
| 040 |
_aDO-SdBNP _bspa _cBNPHU _erda |
||
| 082 |
_a305.23 _bR426p _222 |
||
| 110 | 1 |
_aRepública Dominicana. _bSecretaria Administrativa de la Presidencia. _bDirección General de Promoción de la Juventud _987108 |
|
| 245 | 1 | 0 | _aPolítica nacional de adolescencia y juventud 1998-2003 / |
| 264 | 1 |
_aSanto Domingo : _bDirección General de Promoción de la Juventud, _c1998.. |
|
| 300 |
_a105 páginas _c21 cm. |
||
| 336 |
_atexto _btxt _2rdacontent |
||
| 337 |
_asin mediación _bn _2rdamedia |
||
| 338 |
_avolumen _bnc _2rdacarrier |
||
| 590 | _aInventariado,2025/ YL | ||
| 650 | 0 |
_a Adolescencia _989353 |
|
| 650 |
_aJuventud _xRepública Dominicana _987109 |
||
| 650 |
_aRepública Dominicana _xPolítica social _93223 |
||
| 910 | _aYLockward | ||
| 942 |
_2ddc _cLBS1 |
||
| 999 |
_c58294 _d58294 |
||